| 000 | 00630nam a2200229 a 4500 | ||
|---|---|---|---|
| 999 |
_c8979 _d8979 |
||
| 001 | 8979 | ||
| 003 | BD-JhCC | ||
| 005 | 20180306123021.0 | ||
| 008 | 180306s2003 b a|||| || | 000 0 eng d | ||
| 020 | _a9843209532 | ||
| 035 | _a(BD-JhCC)8979 | ||
| 040 |
_aBD-JhCC _dBD-JhCC |
||
| 041 | _aeng | ||
| 082 |
_a954.92 _bHOS 2003 |
||
| 100 | _aHossain, Md. Mosharraf | ||
| 245 |
_aGreater Jessore : _bAtchaeological Survey Report / _cMd. Mosharraf Hossain, |
||
| 260 |
_aDhaka : _bDepatrment of the archaeology, _c2003. |
||
| 300 |
_a316 p. : _bill. ; _c24 cm. |
||
| 650 | _aBanglades Jessore | ||
| 942 |
_2ddc _cBK |
||